Democracia cooperativa / (Record no. 36462)

MARC details
000 -LEADER
campo de control de longitud fija 00873nam a2200253 i 4500
001 - NÚMERO DE CONTROL
campo de control 36462
003 - IDENTIFICADOR DE NÚMERO DE CONTROL
campo de control ES-MaACL
005 - FECHA Y HORA DE LA ÚLTIMA TRANSACCIÓN
campo de control 20251118180737.0
007 - CAMPO FIJO DE DESCRIPCIÓN FÍSICA--INFORMACIÓN GENERAL
campo de control de longitud fija t|
008 - DATOS DE LONGITUD FIJA--INFORMACIÓN GENERAL
campo de control de longitud fija 030218s1962 sp ||||1| spa d
080 ## - NÚMERO DE LA CLASIFICACIÓN DECIMAL UNIVERSAL
Número de la Clasificación Decimal Universal 334.73
100 1# - ENTRADA PRINCIPAL--NOMBRE DE PERSONA
Nombre de persona Brot, Marcel.
9 (RLIN) 31940
245 10 - MENCIÓN DEL TÍTULO
Título Democracia cooperativa /
Mención de responsabilidad, etc. Marcel Brot. Las cooperativas y el estado / J. Ventosa y Roig ; notas preliminares y traducción del primer texto por Alberto Pérez Baró.
260 ## - PUBLICACIÓN, DISTRIBUCIÓN, ETC.
Lugar de publicación, distribución, etc. [Barcelona :
Nombre del editor, distribuidor, etc. s.n.,
Fecha de publicación, distribución, etc. 1962]
300 ## - DESCRIPCIÓN FÍSICA
Extensión 87 p. ;
Dimensiones 16 cm.
500 ## - NOTA GENERAL
Nota general Biblioteca Juan Andrade.
650 14 - PUNTO DE ACCESO ADICIONAL DE MATERIA--TÉRMINO DE MATERIA
Término de materia o nombre geográfico como elemento de entrada Cooperativas.
9 (RLIN) 11353
700 1# - ENTRADA AGREGADA--NOMBRE PERSONAL
Nombre de persona Ventosa i Roig, Joan (
Fechas asociadas al nombre 1883-1961)
9 (RLIN) 113912
700 1# - ENTRADA AGREGADA--NOMBRE PERSONAL
Nombre de persona Pérez Baró, Albert,
Fechas asociadas al nombre 1902-1989
9 (RLIN) 90657
740 4# - ENTRADA AGREGADA--TÍTULO RELACIONADO/ANALÍTICO NO CONTROLADO
Título relacionado o analítico no controlado Las cooperativas y el estado.
852 ## - LOCALIZACIÓN
Ubicación ES-MaACL
Número de control de estantería F-3673
Sublocalización o colección R.51260
852 ## - LOCALIZACIÓN
Ubicación ES-MaACL
Número de control de estantería AND-Fol-1
Sublocalización o colección R.110280
Holdings
Estatus retirado Estado de pérdida Estado de daño No para préstamo Biblioteca de origen Biblioteca actual Ubicación en estantería Fecha de adquisición Fuente de adquisición Total de préstamos Signatura topográfica completa Código de barras Visto por última vez Precio de reemplazo Tipo de ítem Koha
        Biblioteca del Ateneo de Madrid Biblioteca del Ateneo de Madrid Depósito 2 17/01/2008     AND-Fol-1 1038301 23/02/2023 23/02/2023 Libro impreso
        Biblioteca del Ateneo de Madrid Biblioteca del Ateneo de Madrid Depósito 2 17/01/2008     F-3673 1038300 23/02/2023 23/02/2023 Libro impreso